| 000 | 01174cam a22002894a 4500 | ||
|---|---|---|---|
| 001 | 12438142 | ||
| 003 | ARRUPE | ||
| 005 | 20170111153143.0 | ||
| 008 | 010611s2002 enk b 001 0 eng | ||
| 010 | _a 2001036294 | ||
| 020 | _a0195113020 (alk. paper) | ||
| 040 |
_aDLC _cDLC _dDLC |
||
| 042 | _apcc | ||
| 050 | 0 | 0 |
_aBT846.2 _b.W35 2002 |
| 082 | 0 | 0 |
_a236/.24 _221 |
| 100 | 1 |
_aWalls, Jerry L. _928254 |
|
| 245 | 1 | 0 |
_aHeaven : _bthe logic of eternal joy / _cJerry L. Walls. |
| 260 |
_aOxford ; _aNew York : _bOxford University Press, _cc2002. |
||
| 300 |
_a224 p. ; _c24 cm. |
||
| 504 | _aIncludes bibliographical references (p. 201-216) and index. | ||
| 650 | 0 |
_aHeaven _xChristianity. _917797 |
|
| 856 | 4 | 2 |
_3Publisher description _uhttp://www.loc.gov/catdir/enhancements/fy0612/2001036294-d.html |
| 856 | 4 | 2 |
_3Contributor biographical information _uhttp://www.loc.gov/catdir/enhancements/fy0726/2001036294-b.html |
| 906 |
_a7 _bcbc _corignew _d1 _eocip _f20 _gy-gencatlg |
||
| 942 |
_2lcc _cMONOGRAPH |
||
| 999 |
_c125949 _d125949 |
||